000 00880nam a2200241 a 4500
003 CO-ViMGA
005 20230915233128.0
008 140924s2015 ck a ar 00010 spa d
020 _a9789582700829
040 _aCO-ViMGA
_bspa
_cCO-ViMGA
090 _aA WATA
100 1 0 _aWatanabe Varas, Jos
_d1945-2007
_923195
245 1 0 _aAndrés nuez perdido entre las frutas
_cJos W̌atanabe ; fotografa̕ Cšar Ramos Aldana
250 _aEdición especial para El Ministerio de Cultura
260 _aBogotá
_bArango Editores
_c2015
300 _a[16] pg̀inas
_bilustraciones
_c20 cm
490 _aLeer es mi cuento
650 1 4 _aAntónimos
_x Enseñanza preescolar
_2LEMB
_91270
650 1 4 _aLibros ilustrados para niños
_2LEMB
_987
650 1 4 _aOpuestos (español)
_x Enseñanza preescolar
_2LEMB
_91269
700 1 0 _aRamos Aldana, Cesar,
_efotg̤rafo
_924672
942 _2ddc
_cBK
999 _c3972
_d3972